Giáo trình phân tích, thiết kế các hệ thống thông tin

Trình bày phương pháp luận phát triển hệ thống thông tin. Khảo sát hiện trạng, xác định yêu cầu hệ thống. Mô hình nghiệp vụ của hệ thống. Mô hình hoá quá trình xử lý, logic tiến trình, mô hình dữ liệu quan niệm. Thiết kế mô hình dữ liệu logic, cơ sở dữ liệu vật lý, hệ thống chương trình, các hệ thốn...

ver descrição completa

Na minha lista:
Detalhes bibliográficos
Autor principal: Nguyễn Văn Vỵ
Formato: Livro
Idioma:Vietnamese
Publicado em: H. Giáo dục 2010
Assuntos:
Tags: Adicionar Tag
Sem tags, seja o primeiro a adicionar uma tag!
Thư viện lưu trữ: Mạng thư viện Đại học Đà Nẵng
LEADER 01612aam a22003618a 4500
001 000018194
003 14621
005 20130924090933.0
008 130920s2010 viesd
020 |c 38000đ  |d 1000b 
041 0 |a vie 
082 1 4 |2 14  |a 003  |b NG-V 
100 1 |a Nguyễn Văn Vỵ 
245 1 0 |a Giáo trình phân tích, thiết kế các hệ thống thông tin  |c Nguyễn Văn Vỵ 
260 |a H.  |b Giáo dục  |c 2010 
300 |a 271 tr.  |b minh hoạ  |c 24 cm. 
504 |a Thư mục: tr. 269-271 
520 |a Trình bày phương pháp luận phát triển hệ thống thông tin. Khảo sát hiện trạng, xác định yêu cầu hệ thống. Mô hình nghiệp vụ của hệ thống. Mô hình hoá quá trình xử lý, logic tiến trình, mô hình dữ liệu quan niệm. Thiết kế mô hình dữ liệu logic, cơ sở dữ liệu vật lý, hệ thống chương trình, các hệ thống phân tán 
650 0 4 |2 Bộ TK TVQG  |a Hệ thống thông tin  |v Giáo trình  |x Thiết kế 
650 7 |2 Bộ TK TVQG 
650 7 |2 Bộ TK TVQG 
653 |a Hệ thống thông tin 
655 7 |2 Bộ TK TVQG  |a Giáo trình 
OWN |a LSP 
AVA |a UDN50  |b LSP  |d 003 NG-V  |e available  |t Error 5001 Not defined in file expand_doc_bib_avail.  |f 4  |g 0  |h N  |i 0  |k 1 
999 |a From the UDN01 
AVA |a UDN50  |b LSP  |d 003 NG-V  |e available  |t Error 5001 Not defined in file expand_doc_bib_avail.  |f 4  |g 0  |h N  |i 0  |k 1 
TYP |a Monograph 
TYP |a Printed language 
980 |a Mạng thư viện Đại học Đà Nẵng